Normal view MARC view
  • Aamir Naveed

Entry Personal Name

Number of records used in: 1

001 - CONTROL NUMBER

  • control field: 70129

003 - CONTROL NUMBER IDENTIFIER

  • control field: NUST

005 - DATE AND TIME OF LATEST TRANSACTION

  • control field: 20210628204359.0

008 - FIXED-LENGTH DATA ELEMENTS

  • fixed length control field: 210628|| aca||aabn | a|a d

040 ## - CATALOGING SOURCE

  • Original cataloging agency: NUST
  • Transcribing agency: NUST

100 ## - HEADING--PERSONAL NAME

  • Personal name: Aamir Naveed

670 ## - SOURCE DATA FOUND

  • Source citation: Work cat.: (NUST): Aamir Naveed, TH-SOF-1267-Cyclic Durability Testing and Gait Analysis of Lower Limb Prosthetic Foot developed by CEME and Redesign of Prosthetic Foot as per International Standards Organization Standard (ISO-26675), 2016
© 2023 Central Library, National University of Sciences and Technology. All Rights Reserved.